Central Library OPAC University of Rajshahi

Communist propaganda methods : (Record no. 3289)

MARC details
000 -LEADER
fixed length control field 00861cam a22002891 4500
001 - CONTROL NUMBER
control field 3289
003 - CONTROL NUMBER IDENTIFIER
rucl marc code BD-RjUL
005 - DATE AND TIME OF LATEST TRANSACTION
control field 20211208233715.0
008 - FIXED-LENGTH DATA ELEMENTS--GENERAL INFORMATION
fixed length control field 131218s1961 xx 001 0 eng d
035 ## - SYSTEM CONTROL NUMBER
System control number (BD-RjUL)3323
System control number (OCoLC)1355326
040 ## - CATALOGING SOURCE
Original cataloging agency DLC
Transcribing agency FO
Modifying agency DLC
Language of cataloging eng
041 ## - LANGUAGE CODE
Language code of text/sound track or separate title eng
082 ## - DEWEY DECIMAL CLASSIFICATION NUMBER
Classification number 943.704
Author mark and year REC
100 2# - MAIN ENTRY--PERSONAL NAME
Personal name Reisky-Dubnic, Vladimir,
Dates associated with a name 1923-
9 (RLIN) 10378
245 10 - TITLE STATEMENT
Title Communist propaganda methods :
Remainder of title a case study on Czechoslovakia /
Statement of responsibility, etc. Hans J. Morgenthau.
260 ## - PUBLICATION, DISTRIBUTION, ETC. (IMPRINT)
Place of publication, distribution, etc. New York :
Name of publisher, distributor, etc. Praeger,
Date of publication, distribution, etc. c1960.
300 ## - PHYSICAL DESCRIPTION
Pagination 287 p. ;
Size 22 cm.
490 0# - SERIES STATEMENT
Series statement Books that matter
504 ## - BIBLIOGRAPHY, ETC. NOTE
Bibliography, etc Includes bibliography.
650 #0 - SUBJECT ADDED ENTRY--TOPICAL TERM
Topical term or geographic name as entry element Propaganda, Communist.
9 (RLIN) 10379
Topical term or geographic name as entry element Communism
Geographic subdivision Czechoslovakia.
9 (RLIN) 10380
651 #0 - SUBJECT ADDED ENTRY--GEOGRAPHIC NAME
Geographic name Czechoslovakia
General subdivision History
Chronological subdivision 1945-
9 (RLIN) 10381
942 ## - ADDED ENTRY ELEMENTS (KOHA)
Source of classification or shelving scheme Dewey Decimal Classification
Koha item type Books
Holdings
Lost status Source of classification or shelving scheme Damaged status Not for loan Collection code Permanent Location Current Location Shelving location Date acquired Source of acquisition Cost, normal purchase price Total Checkouts Full call number Date last seen Copy number Koha item type
  Dewey Decimal Classification   Not For Loan Non-fiction Central Library, University of Rajshahi Central Library, University of Rajshahi Reading Room 31/03/1967 Pak-American com. 30.00   943.704 REC 1960 18/12/2013 C-1 Books